| 000 | 00883nam a2200277 a 4500 | ||
|---|---|---|---|
| 001 | 000044250 | ||
| 003 | DO-SdBNP | ||
| 005 | 20240809115150.0 | ||
| 007 | 000044250 | ||
| 008 | 140611s2011 dr ac 000 0 spa d | ||
| 020 | _a 9789945808926 | ||
| 040 |
_aBPMSU _bspa _cBPMSU |
||
| 082 | 4 |
_aRD863.5 _bF866g 2024 _222 |
|
| 100 | 1 |
_aFreixas, Verouschka _d1971- |
|
| 245 | 1 | 0 |
_a Gaspar : _bel gato mago / _cVerouschka Freixas. |
| 260 |
_aSanto Domingo : _bBiblioteca Infantil y Juvenil, _c2024 _g |
||
| 300 |
_a37 p. : _bil., retrs. ; _c19 cm. |
||
| 490 | 0 | _aNarrativa | |
| 590 | _aInventariado, 2024/VM | ||
| 650 | 4 |
_aCuentos infantiles dominicanos _2 |
|
| 650 | 4 |
_aLiteratura infantil dominicana _2 |
|
| 650 | 4 | _aLibros infantiles ilustrados | |
| 710 | 2 | _aBiblioteca Infantil y Juvenil (República Dominicana) | |
| 910 | _aVMateo V. Control de calidad. BPMSU | ||
| 942 |
_2ddc _cBK |
||
| 999 |
_c14779 _d14779 |
||